Inventari dels llibres sacramentals de l'Arxiu Històric Arxidiocesà de Tarragona / per Salvador Ramon i Vinyes i Josep Massagués i Vidal
Descripción Física:
77 p. ; 24 cm
Otros Autores:
Massagués Vidal, Josep
MARC
| LEADER | 00000nam a2200000Ia 4500 | ||
|---|---|---|---|
| 001 | 9384 | ||
| 008 | 160829s1990 xx 000 0 cat d | ||
| 080 | |a A-1-210 | ||
| 100 | |a Ramon i Vinyes, Salvador |9 34140 | ||
| 245 | |a Inventari dels llibres sacramentals de l'Arxiu Històric Arxidiocesà de Tarragona / per Salvador Ramon i Vinyes i Josep Massagués i Vidal | ||
| 260 | |a Barcelona : |b Generalitat de Catalunya, Servei d'Arxius, |c 1990 | ||
| 300 | |a 77 p. ; |c 24 cm | ||
| 490 | |a Catàlegs-Inventaris d'Arxius Eclesiàstics de Catalunya ; 6 | ||
| 650 | |a Arxiu Històric Arxidiocesà de Tarragona |x Catàlegs |9 36948 | ||
| 700 | |a Massagués Vidal, Josep |9 36949 | ||
| 710 | 1 | |a Catalunya. |b Servei d'Arxius |9 2924 | |
| 901 | |a Arxiu | ||
| 942 | |n 1 | ||
| 952 | |0 0 |1 0 |4 0 |6 A1210 |7 1 |9 47583 |a Arxiu |b Arxiu |d 2016-12-01 |l 0 |o A-1-210 |p 9384 |r 2016-12-01 00:00:00 |w 2016-12-01 |y ARXIU | ||
| 999 | |c 51382 |d 51382 | ||